Geografía económica mundial y argentina : con particular referencia a latinoamérica /

Guardado en:
Autor Principal: Carlevari, Isidro J. F.
Formato: Libro
Publicado: Buenos Aires : Macchi, 1994
Edición:5a. ed.
Materias:
Etiquetas: Agregar Etiqueta
Sin Etiquetas, Sea el primero en etiquetar este registro!
LEADER 02075nam a22002295a 4500
001 CEM.cems010061
005 20080610115430.0
008 130507s1994##################000#0#####d
003 CEMS
020 |a 9505372825 
082 0 4 |a 330.9 
100 1 |a Carlevari, Isidro J. F. 
245 1 0 |a Geografía económica mundial y argentina :  |b con particular referencia a latinoamérica /  |c Isidro J. F. Carlevari 
250 |a 5a. ed. 
260 |a Buenos Aires :  |b Macchi,  |c 1994 
300 |a 479 p. 
505 0 |a Introducción a la geografía económica -- La realidad socioeconómica mundial -- La geografía económica y sus principios fundamentales -- Fundamentos naturales de la actividad económica -- Factores naturales indirectos -- Recursos naturales -- Recursos humanos -- Estática demográfica -- Dinámica demográfica -- Instrumental económico -- Instrumental de producción -- La energía -- Transportes y comunicaciones -- Acumulación y conservación de bienes -- La agricultura -- Aspectos económicos de la agricultura -- Cereales -- Oleaginosas -- Fibras textiles -- Plantas sacariferas -- Plantas estimulantes -- Hortalizas, frutales y legumbres -- Ganadería, avicultura, caza y pesca -- Ganadería -- Avicultura -- Fauna terrestre y riqueza del mar -- Los bosques y las industrias forestales -- Recursos forestales -- Explotación forestal -- La minería -- La minería en general -- Minerales metalíferos -- Minerales no metalíferos -- La minería y la siderurgia en la Argentina -- La actividad industrial -- La industria en general -- Principales regiones industriales en el mundo -- Principales ramas de la industria -- La industria en la Argentina -- Comercio internacional -- Corrientes comerciales y agrupamientos regionales en el mundo -- El comercio en la Argentina -- Compendio de la economía argentina en el contexto mundial -- América Latina 
653 |a Geografía 
653 |a Geografía argentina 
653 |a Geografía económica 
653 |a Geografía económica argentina 
859 |a CEMS  |b BIB. CEMS - 11 de abril  |h 330.9  |i C193a5  |p 20584.99  |t Ej.1